Historia y método de la Psicología experimental / (Record no. 65126)

MARC details
000 -LEADER
campo de control de longitud fija 00690nam a2200205 i 4500
001 - NÚMERO DE CONTROL
campo de control 65126
003 - IDENTIFICADOR DE NÚMERO DE CONTROL
campo de control ES-MaACL
005 - FECHA Y HORA DE LA ÚLTIMA TRANSACCIÓN
campo de control 20251013212805.0
007 - CAMPO FIJO DE DESCRIPCIÓN FÍSICA--INFORMACIÓN GENERAL
campo de control de longitud fija t|
008 - DATOS DE LONGITUD FIJA--INFORMACIÓN GENERAL
campo de control de longitud fija 040108s1972 ag ||||1| spa d
100 1# - ENTRADA PRINCIPAL--NOMBRE DE PERSONA
Nombre de persona Fraisse, Paul.
9 (RLIN) 52120
245 10 - MENCIÓN DEL TÍTULO
Título Historia y método de la Psicología experimental /
Mención de responsabilidad, etc. Paul Fraisse, Jean Piaget, Maurice Reuchlin ; [versión castellana de María Teresa Cevasco].
260 ## - PUBLICACIÓN, DISTRIBUCIÓN, ETC.
Lugar de publicación, distribución, etc. Buenos Aires :
Nombre del editor, distribuidor, etc. Paidós,
Fecha de publicación, distribución, etc. [1972]
300 ## - DESCRIPCIÓN FÍSICA
Extensión 247 p. ;
Dimensiones 23 cm.
700 1# - ENTRADA AGREGADA--NOMBRE PERSONAL
Nombre de persona Piaget, Jean,
Fechas asociadas al nombre 1896-1980
9 (RLIN) 91738
700 1# - ENTRADA AGREGADA--NOMBRE PERSONAL
Nombre de persona Reuchlin, Maurice.
9 (RLIN) 96372
700 1# - ENTRADA AGREGADA--NOMBRE PERSONAL
Nombre de persona Cevasco, María Teresa.
9 (RLIN) 37707
852 ## - LOCALIZACIÓN
Ubicación ES-MaACL
Número de control de estantería E-5572
Sublocalización o colección R.89865
Holdings
Estatus retirado Estado de pérdida Estado de daño No para préstamo Biblioteca de origen Biblioteca actual Ubicación en estantería Fecha de adquisición Fuente de adquisición Total de préstamos Signatura topográfica completa Código de barras Visto por última vez Precio de reemplazo Tipo de ítem Koha
        Biblioteca del Ateneo de Madrid Biblioteca del Ateneo de Madrid Depósito 2 17/01/2008     E-5572 1068235 23/02/2023 23/02/2023 Libro impreso